000 01263cam a2200373 a 4500
005 20240614134413.0
008 100706s2003||||mx a | |||| 00| 0 spa d
020 _a9687988460
041 _aspa
092 _c616.091
_l11
_sCER
100 1 _aCerecedo Cortina, Vicente B.
_9973
245 _aHistoria clínica.
_bMetodología didáctica /
_cVicente B. Cerecedo Cortina.
250 _a1a ed.
260 _aMéxico:
_bEditorial Médica Panamericana;
_c2003.
300 _a338 p.
500 _aCerecedo Cortina, V. B., Ariza Herrera, D. y Ricalde N. R. (2003). Historia clínica. Metodología didáctica. (1a ed.). México : Editorial Médica Panamericana.
653 _aRelación médico-paciente
653 _aHistoria clínica
653 _aInterrogatorio
653 _aExploración física. Generalidades
653 _aExploración física por regiones
653 _aLista de problemas
653 _aListas de cotejo
653 _aIntegración de diagnósticos
653 _aAddendum 1: electrocardiograma
653 _aAddendum 2: exploración física
700 1 _aAriza Herrera, Daniel.
_9974
700 1 _aRicalde N., Rúben.
_9975
930 _a1169
930 _a1170
930 _a1305
930 _a1306
942 _2ddc
_cBK
999 _c485
_d485